000
00206 a2200085 4500
005
20260417085821.0
020
_a
9781847628701
245
_a
BTEC First : principles of applied science
260
_b
CGP : UK
_c
2012
999
_c
216619
_d
216619